Klikk for å oversette - Engelsk - Statistics

General Stats
  • This quiz has been taken 4 times
  • The average score is 19 of 20
Answer Stats
Hint Answer % Correct
Eple Apple
100%
Bok Book
100%
Brød Bread
100%
Bil Car
100%
By City
100%
Sky Cloud
100%
Fisk Fish
100%
Gress Grass
100%
Hode Head
100%
Hest Horse
100%
Elv River
100%
Butikk Shop
100%
Fjernsyn Television
100%
Ti Ten
100%
Onsdag Wednesday
100%
Uke Week
100%
Vin Wine
100%
Gul Yellow
100%
Hus House
67%
Båt Boat
33%
No matching quizzes found
Score Distribution
Percent of People with Each Score
Percentile by Number Answered
Your Score History
You have not taken this quiz